000 004350000a22001690004500
003 MACL
005 20151016123540.0
008 151016b xxu||||| |||| 00| 0 eng d
040 _aMACL
_cMACL
041 _aEnglish
082 _a920/SIN
100 _aSinha, Bagishwar Prasad
_915253
245 _aSachchidananda
260 _bThe Director Publications Division
_c1969
_aFaridabad
650 _aBiography
_915254
942 _cBK
_k920
_2ddc
999 _c7407
_d7407